000 00610nam a2200229Ia 4500
003 OSt
005 20220923230526.0
006 a|||||r|||| 00| 0
007 ta
008 Pun
024 _a282,756
037 _cTextual
040 _aARTS
_cARTS
_bPun
041 _2Pun
_aPun
082 _aO153,3NBAIx, M9
100 _aਬੇਲੀ, ਪ੍ਰੀਤਮ
_9156291
245 0 _aਸਦੀਆਂ ਦਾ ਗ਼ਹਿਰ
260 _c1989
650 _aਪੰਜਾਬੀ ਸਾਹਿਤ
942 _hO153,3NBAIx, M9
_cTEXL
_2CC
999 _c385450
_d385450